000 00344 a2200157 4500
001 194619
020 _a978-85-08-11879-3
040 _cMagnum
100 _aOrthof, Sylvia
240 1 0 _aMaria-vai-com-as-outras
_lpor
245 1 0 _aMaria-vai-com-as-outras
300 _a32
362 0 _a2008
697 _aLITERATURA INFANTIL
942 _cBK
999 _c194619
_d194619